000 00243nam a2200109Ia 4500
008 230320s9999||||xx |||||||||||||| ||spa||
082 _a891.36/T68O
100 _aTolstoi, Leon
245 0 _aObras
260 _bAGUILARTOLSTOI,
942 _80
_cLIB
999 _c30656
_d30656